000 00351cam a2200145ua 4500
041 _aeng
_h
082 _a824
_bMAU/PO
100 _aMaugham, Somerset W.
245 _aPoints of view /
_cW.Somerset Maugham.
_hTextual Documents
260 _aLondon :
_bHeinemann ,
_c1960.
300 _a255 ; .
504 _a
942 _cBK
999 _c11758
_d11758